Unordered escape routing in dense PDBs using optimization theory (Record no. 13423)

000 -LEADER
fixed length control field 00460nam a22001337a 4500
082 ## - DEWEY DECIMAL CLASSIFICATION NUMBER
Classification number MSEE-4 MAN
100 ## - MAIN ENTRY--PERSONAL NAME
Personal name Aunas Manzoor
9 (RLIN) 98964
245 ## - TITLE STATEMENT
Title Unordered escape routing in dense PDBs using optimization theory
260 ## - PUBLICATION, DISTRIBUTION, ETC.
Place of publication, distribution, etc. Islamabad
Name of publisher, distributor, etc. NUST-SEECS
Date of publication, distribution, etc. 2014
300 ## - PHYSICAL DESCRIPTION
Extent 67p.
Other physical details ill.;
Accompanying material CD ROM
500 ## - GENERAL NOTE
General note Dr. Anjum Naveed, Dr. Hassaan Khaliq, Dr. Ammar Hassan, Dr. Rehan Hafiz
856 ## - ELECTRONIC LOCATION AND ACCESS
Uniform Resource Identifier <a href="http://10.250.8.41:8080/xmlui/handle/123456789/9447">http://10.250.8.41:8080/xmlui/handle/123456789/9447</a>
942 ## - ADDED ENTRY ELEMENTS (KOHA)
Koha item type Project Report
Source of classification or shelving scheme
Holdings
Withdrawn status Lost status Damaged status Not for loan Collection code Permanent Location Current Location Shelving location Date acquired Total Checkouts Full call number Barcode Date last seen Price effective from Koha item type Source of classification or shelving scheme
          Central Library (CL) Central Library (CL) Reference 12/15/2015   MSEE-4 MAN SEECSP01805 12/15/2015 12/15/2015 Project Report  
          Central Library (CL) Central Library (CL) Thesis 10/07/2019   621.3 CL-T-3660 10/07/2019 10/07/2019 Thesis  
© 2023 Central Library, National University of Sciences and Technology. All Rights Reserved.